The dialectics & dynamics of human rights in India: yesterday, today and tomorrow (Record no. 103998)

MARC details
000 -LEADER
fixed length control field 00407nam a2200145Ia 4500
008 - FIXED-LENGTH DATA ELEMENTS--GENERAL INFORMATION
fixed length control field 230917s9999||||xx |||||||||||||| ||und||
040 ## - CATALOGING SOURCE
-- 156077
Original cataloging agency VIVEKANANDA LIBRARY
041 ## - Language
-- English
082 ## - DDC NUMBER
Classification number 342.7 I892D
100 ## - MAIN ENTRY--PERSONAL NAME
Personal name Iyer, V.R. Krishna
245 #4 - TITLE STATEMENT
Title The dialectics & dynamics of human rights in India: yesterday, today and tomorrow
260 ## - PUBLICATION, DISTRIBUTION, ETC. (IMPRINT)
Place of publication, distribution, etc Calcutta
Name of publisher, distributor, etc Eastern
Date of publication, distribution, etc 1999
300 ## - PHYSICAL DESCRIPTION
Pages 394p p.
942 ## - ADDED ENTRY ELEMENTS (KOHA)
Koha item type Books
Holdings
Withdrawn status Lost status Damaged status Not for loan Location (home branch) Sublocation or collection (holding branch) Date acquired Koha issues (times borrowed) Koha full call number Accession No. Koha date last seen Koha item type
        VIVEKANANDA LIBRARY VIVEKANANDA LIBRARY 03/05/2010   342.7 I892D 188315 17/09/2023 Books
© Designed and Maintained by Vivekananda Library, MDU Rohtak